Statistics for Countries With The Most Economic Freedom

Click here to take the quiz!

General Stats

  • This quiz has been taken 35 times
  • The average score is 9 of 15

Answer Stats

Economic Freedom ScoreCountry% Correct
8.19United States
100%
8.08Canada
91%
8.07Australia
88%
8.13Ireland
88%
8.50New Zealand
88%
8.09United Kingdom
88%
8.71Singapore
82%
7.89Denmark
73%
8.40Switzerland
67%
7.89Estonia
48%
7.97Malta
42%
7.88Lithuania
36%
7.89Chile
27%
7.94Georgia
12%
8.07Mauritius
12%

Score Distribution

Percentile by Number Answered

Percent of People with Each Score

Your Score History

You have not taken this quiz